000 00783 a2200217 4500
001 134822
003 OSt
005 20211102115014.0
008
020 _a9788183302616
041 _aHindi
082 _a320.01
_bS23M
100 1 _aशर्मा, दीप्ति
245 1 _aसंत एक्विनास
_cby दीप्ति शर्मा and एम.कुमार
260 _aनई दिल्ली
_bअर्जुन पब्लिशिंग हाउस
_c2011
300 _a219p.
630 _aहिन्दी साहित्य
690 _aPolitical science--Philosophy; Political and social views; Thomas, Aquinas, Saint, 1225?-1274
700 _aकुमार, एम.
942 _2ddc
_cBK
999 _c8345
_d8345